Central Library OPAC University of Rajshahi

Elements of control systems analysis : (Record no. 15034)

MARC details
000 -LEADER
fixed length control field 00821nam a2200253 a 4500
001 - CONTROL NUMBER
control field 15034
003 - CONTROL NUMBER IDENTIFIER
rucl marc code BD-RjUL
005 - DATE AND TIME OF LATEST TRANSACTION
control field 20211208235734.0
008 - FIXED-LENGTH DATA ELEMENTS--GENERAL INFORMATION
fixed length control field 140209s1969 ii a b 001 0 eng d
020 ## - INTERNATIONAL STANDARD BOOK NUMBER
Terms of availability : IRs. 20.00
035 ## - SYSTEM CONTROL NUMBER
System control number (BD-RjUL)15088
040 ## - CATALOGING SOURCE
Original cataloging agency DLC
Transcribing agency DLC
Modifying agency ICU
-- DLC
-- BD-RjUL
Language of cataloging eng
041 ## - LANGUAGE CODE
Language code of text/sound track or separate title eng
082 00 - DEWEY DECIMAL CLASSIFICATION NUMBER
Classification number 629.8312
Author mark and year CHE 1969
Edition number 23
100 1# - MAIN ENTRY--PERSONAL NAME
Personal name Chen, Chih-fan
9 (RLIN) 46808
245 10 - TITLE STATEMENT
Title Elements of control systems analysis :
Remainder of title classical and modern approaches /
Statement of responsibility, etc. Chih-fan Chen ; I. John Haas
250 ## - EDITION STATEMENT
Edition statement Indian Reprint ed.
260 ## - PUBLICATION, DISTRIBUTION, ETC. (IMPRINT)
Place of publication, distribution, etc. New Delhi :
Name of publisher, distributor, etc. Prentice-Hall of India Private Ltd.,
Date of publication, distribution, etc. 1968 [Reprinted1969]
300 ## - PHYSICAL DESCRIPTION
Pagination viii, 471 p. :
Illustrations ill. ;
Size 22 cm.
504 ## - BIBLIOGRAPHY, ETC. NOTE
Bibliography, etc Includes Bibliography
650 #0 - SUBJECT ADDED ENTRY--TOPICAL TERM
Topical term or geographic name as entry element Control theory.
9 (RLIN) 46809
700 1# - ADDED ENTRY--PERSONAL NAME
Personal name Haas, I. John , jt. auth.
942 ## - ADDED ENTRY ELEMENTS (KOHA)
Source of classification or shelving scheme Dewey Decimal Classification
Koha item type Books
Holdings
Lost status Source of classification or shelving scheme Damaged status Not for loan Collection code Permanent Location Current Location Shelving location Date acquired Source of acquisition Total Checkouts Full call number Date last seen Copy number Koha item type
  Dewey Decimal Classification   Not For Loan Non-fiction Central Library, University of Rajshahi Central Library, University of Rajshahi Reading Room 08/07/1976 U.S.I.S.   629.8312 CHE 1969 09/02/2014 C-1 Books
  Dewey Decimal Classification     Non-fiction Central Library, University of Rajshahi Central Library, University of Rajshahi   08/07/1976 USIS   629.8312 CHE 1969 01/06/2017 C-2 Books